000 00781nam a2200229 i 4500
001 bg
245 0 0 _aAlmanach polskiej władzy 1989-2002 /
_c[red. Marcin Tchórzewski].
260 _aWarszawa :
_bCentralny Ośrodek Informacji Gospodarczej,
_c2002.
300 _a895 s. :
_bportr. ;
_c24 cm.
651 9 _aPolska
_zod 1989 r.
651 9 _aPolska
_xpolityka
_yod 1989 r.
651 9 _aPolityka
_xbiografie
_y20 w.
700 1 _aTCHÓRZEWSKI, Marcin.
_eRed.
020 _a83912243621
040 _cBPK
041 _apol
080 _a321.7:352/353:929-052(438)"19"(03)
920 _a83-9122436-2-1
942 _cKS
008 s pl f |000 0 pol
999 _c41879
_d41879
856 _uhttp://koha.tu.koszalin.pl/cgi-bin/koha/opac-detail.pl?biblionumber=41879
_yKatalog online BPK